000 00909cam a2200241 a 4500
001 4908663
005 20131028071615.0
008 941130s1995 enka b 001 0 eng
020 _a0198279973
020 _a0198279981
041 0 _aeng
080 _a327
110 2 _aCommission on Global Governance.
245 1 0 _aOur global neighborhood :
260 _aOxford ;
_aNew York :
_bOxford University Press,
_c1995.
300 _axx, 410 p. :
_bill. ;
_c20 cm.
504 _aIncludes bibliographical references (p. 387-394) and index.
650 0 _aMarrëdhënie ndërkombëtare
650 0 _aKooperimi ndërkombëtar
856 4 2 _3Publisher description
_uhttp://www.loc.gov/catdir/enhancements/fy0605/94046402-d.html
856 4 2 _3Contributor biographical information
_uhttp://www.loc.gov/catdir/enhancements/fy0724/94046402-b.html
942 _2udc
_cBK
999 _c171
_d171